Análisis de las propiedades psicométricas de la Escala de Actitudes Ambientales para ciudadanos cordobeses (Record no. 189214)
[ view plain ]
| 000 -CABECERA | |
|---|---|
| campo de control de longitud fija | 02091cab a2200313 ab4500 |
| 005 - FECHA Y HORA DE LA ÚLTIMA TRANSACCIÓN | |
| campo de control | 20231010145554.0 |
| 008 - ELEMENTOS DE LONGITUD FIJA--INFORMACIÓN GENERAL | |
| campo de control de longitud fija | 991125c2014 ag fr p o 000 0 spa d |
| 035 ## - NÚMERO DE CONTROL DEL SISTEMA | |
| Número de control de sistema | UPN01000217114 |
| 040 ## - FUENTE DE LA CATALOGACIÓN | |
| Centro catalogador/agencia de origen | MX-MxUPN |
| Lengua de catalogación | spa |
| Centro/agencia transcriptor | MX-MxUPN |
| Normas de descripción | aacr2 |
| 049 ## - COLECCIÓN | |
| Colección | ART-E |
| 100 1# - ASIENTO PRINCIPAL--NOMBRE PERSONAL | |
| Nombre de persona | Imhoff, Débora |
| 100 1# - ASIENTO PRINCIPAL--NOMBRE PERSONAL | |
| Filiación | debimhoff@gmail.com |
| 100 1# - ASIENTO PRINCIPAL--NOMBRE PERSONAL | |
| Nombre de persona | Ponce, Valeria |
| 100 1# - ASIENTO PRINCIPAL--NOMBRE PERSONAL | |
| Nombre de persona | Gariglio, Cecilia |
| 100 1# - ASIENTO PRINCIPAL--NOMBRE PERSONAL | |
| Nombre de persona | Díaz, Bruno |
| 100 1# - ASIENTO PRINCIPAL--NOMBRE PERSONAL | |
| Nombre de persona | Pilatti, Angelina |
| 245 10 - MENCIÓN DE TÍTULO | |
| Título | Análisis de las propiedades psicométricas de la Escala de Actitudes Ambientales para ciudadanos cordobeses |
| Medio | [recurso electrónico en línea] |
| 506 0# - NOTA DE RESTRICCIONES AL ACCESO | |
| Limitaciones de acceso | Acceso abierto |
| 520 3# - NOTA DE RESUMEN, ETC. | |
| Sumario, etc. | En el actual contexto de crisis ambiental se instala la necesidad de discutir el modelo de sociedad, repensando el lugar del ciudadano en la construcción de un entorno sustentable. La Psicología Ambiental provee de marcos teóricos y herramientas metodológicas que permiten abordar, describir y explicar las relaciones que las personas y los grupos establecen con su entorno (Pol, Valera & Vidal, 1999). En el marco de este campo disciplinar, el presente trabajo apuntó a analizar los aspectos psicométricos de validez y consistencia interna de la Escala de Actitudes ecocéntricas y antropocéntricas, adaptada al español por González y Amérigo (1999). A tales fines, se trabajó con una muestra no aleatoria de 300 adultos de la ciudad de Córdoba, Argentina. Se llevó adelante un análisis factorial exploratorio y luego un análisis factorial confirmatorio, y se calculó el coeficiente Alfa de Cronbach. En función de los resultados obtenidos, se discute la utilidad de estas medidas en el contexto local. PD |
| 650 #2 - ASIENTO SECUNDARIO DE MATERIA - TERMINO TEMATICO | |
| 9 (RLIN) | 15638 |
| Término de materia o nombre geográfico como elemento de entrada | Psicología ambiental |
| 653 0# - TERMINO DE INDIZACION - NO CONTROLADO | |
| Término no controlado | Escala de medición |
| 653 0# - TERMINO DE INDIZACION - NO CONTROLADO | |
| Término no controlado | Confiabilidad |
| 653 0# - TERMINO DE INDIZACION - NO CONTROLADO | |
| Término no controlado | Validez |
| 773 ## - ENLACE AL DOCUMENTO FUENTE/ENTRADA DE REGISTRO ANFITRIÓN | |
| Parte(s) relacionada(s) | Vol. 11, no. 1 (2014), p. 61-68 |
| Título | Perspectivas en psicología : revista de psicología y ciencias afines |
| Número Internacional Normalizado para Publicaciones Seriadas | 1853-8800 |
| 856 4# - LOCALIZACIÓN Y ACCESO ELECTRÓNICOS | |
| Identificador Uniforme del Recurso | <a href="http://200.0.183.216/revista/index.php/pep/article/view/133">http://200.0.183.216/revista/index.php/pep/article/view/133</a> |
| 902 ## - ELEMENTOS DE DATOS B LOCAL, LDB (RLIN) | |
| Modificó | Leonor Sotres/101023 |
| 905 ## - TIPO DE MATERIAL | |
| Tipo de material | Articulo |
| 942 ## - ELEMENTOS DE PUNTO DE ACCESO ADICIONAL (KOHA) | |
| Tipo de ítem Koha | Artículo Electrónico |
| Estado de retiro | Estado de pérdida | Estado dañado | No para préstamo | Código de colección | Localización permanente | Ubicación/localización actual | Ubicación en estantería | Fecha de adquisición | Total de préstamos | Fecha visto por última vez | Identificador Uniforme del Recurso | Precio válido a partir de | Tipo de ítem Koha |
|---|---|---|---|---|---|---|---|---|---|---|---|---|---|
| Acceso abierto | Bib. Gregorio Torres Quintero | Bib. Gregorio Torres Quintero | En línea | 10/10/2023 | 10/10/2023 | http://200.0.183.216/revista/index.php/pep/article/view/133 | 10/10/2023 | Artículo Electrónico |
